Topics in the general theory of structures
Αποθηκεύτηκε σε:
| Άλλοι συγγραφείς: | , |
|---|---|
| Μορφή: | Βιβλίο |
| Γλώσσα: | English |
| Δημοσίευση: |
Dordrecht ; Boston ; Norwell, MA, U.S.A. :
D. Reidel Pub. Co. : Sold and distributed in the U.S.A. and Canada by Kluwer Academic Publishers,
c1987.
|
| Σειρά: | Theory and decision library. System theory, knowledge engineering and problem solving ;
Series D |
| Θέματα: | |
| Ετικέτες: |
Προσθήκη ετικέτας
Δεν υπάρχουν, Καταχωρήστε ετικέτα πρώτοι!
|
MARC
| LEADER | 00000cam a2200000 i 4500 | ||
|---|---|---|---|
| 001 | 1/31224 | ||
| 008 | 941103s1987####ne | ||| |||| ||eng|| | ||
| 020 | |a 9027724512 | ||
| 035 | |l 10038771 | ||
| 035 | |a 1993 |c ΠΑΝΑΓΙΩΤΟΠΟΥΛΟΣ | ||
| 040 | |a GR-MY-UA |b gre |e aacr | ||
| 041 | 0 | |a eng | |
| 082 | 0 | |a 003 | |
| 245 | 1 | 0 | |a Topics in the general theory of structures / |c edited by E.R. Caianiello and M.A. Aizerman. |
| 260 | |a Dordrecht ; |a Boston ; |a Norwell, MA, U.S.A. : |b D. Reidel Pub. Co. : |b Sold and distributed in the U.S.A. and Canada by Kluwer Academic Publishers, |c c1987. | ||
| 300 | |a v, 208 σ. : |b εικ. ; |c 25 εκ. | ||
| 490 | 1 | |a (Theory and decision library. System theory, knowledge engineering, and problem solving |v ; Series D) | |
| 504 | |a Περιέχει βιβλιογραφικές αναφορές και ευρετήριο. | ||
| 650 | 0 | 0 | |a System analysis. |
| 650 | 0 | 0 | |a Computational complexity. |
| 700 | 1 | |a Caianiello, E. R. |q (Eduardo Renato), |d 1921-1993, |e edt | |
| 700 | 1 | |a Aizerman, M. A. |q (Mark Aronovich), |d 1913-1992, |e edt | |
| 830 | 0 | |a Theory and decision library. System theory, knowledge engineering and problem solving ; |v Series D | |
| 852 | |a INST |b SAMOS |e 19941103 |h 003 TOP |p 005300003699 |q 005300003699 |t BK |y 0 | ||
| 909 | |a Σ |b 029741 | ||